Subdivisions belges en révélant d'autres sur une carte - Statistiques

Statistiques générales
  • Ce quiz a été pris 4 728 fois
    4 710 depuis la dernière actualisation
  • Le résultat moyen est 21 sur 57
Réponses sur la Carte
Les réponses sont colorées sur une échelle allant du rouge au vert en fonction du pourcentage des utilisateurs qui les ont devinées à leur premier essai. Vous pouvez retrouver ces pourcentages ci-dessous.
 
Statistiques - réponses
catégorie Subdivision % Correct
région administrative Bruxelles-Capitale
95%
province Bruxelles-Capitale
95%
arrondissement administratif Bruxelles-Capitale
95%
région administrative Wallonie
93%
région administrative Flandre
91%
province Liège
78%
arrondissement administratif Liège
78%
province Anvers
72%
arrondissement administratif Anvers
72%
arrondissement administratif Bruges
65%
province Namur
62%
arrondissement administratif Namur
62%
arrondissement administratif Charleroi
59%
arrondissement administratif Gand
56%
province Luxembourg
56%
province Hainaut
47%
arrondissement administratif Mons
47%
province Flandre occidentale
45%
province Flandre orientale
44%
province Brabant wallon
43%
province Brabant flamand
42%
province Limbourg
42%
arrondissement administratif Ostende
42%
arrondissement administratif Louvain
41%
arrondissement administratif Tournai-Mouscron
39%
arrondissement administratif Arlon
38%
arrondissement administratif Hasselt
33%
arrondissement administratif Courtrai
31%
arrondissement administratif Bastogne
29%
arrondissement administratif Dinant
25%
arrondissement administratif Malines
25%
arrondissement administratif Verviers
22%
arrondissement administratif La Louvière
21%
arrondissement administratif Ypres
21%
arrondissement administratif Nivelles
19%
arrondissement administratif Huy
18%
arrondissement administratif Saint-Nicolas
18%
arrondissement administratif Alost
17%
arrondissement administratif Ath
17%
arrondissement administratif Marche-en-Famenne
16%
arrondissement administratif Virton
16%
arrondissement administratif Hal-Vilvorde
14%
arrondissement administratif Philippeville
14%
arrondissement administratif Neufchâteau
13%
arrondissement administratif Roulers
12%
arrondissement administratif Turnhout
12%
arrondissement administratif Furnes
11%
arrondissement administratif Soignies
11%
arrondissement administratif Tongres
11%
arrondissement administratif Waremme
11%
arrondissement administratif Audenarde
10%
arrondissement administratif Termonde
10%
arrondissement administratif Thuin
10%
arrondissement administratif Dixmude
9%
arrondissement administratif Eeklo
8%
arrondissement administratif Maaseik
8%
arrondissement administratif Tielt
8%
Aucun quiz correspondant
Distribution des résultats
% des personnes avec chaque résultat
Percentile par nombre de réponses
Votre historique - résultats
Vous n’avez pas pris ce quiz depuis la dernière actualisation